|
|
|
|
| LEADER |
00000nam0a2200000 4500 |
| 001 |
225801 |
| 005 |
20260425071717.0 |
| 010 |
|
|
|a 5700001802
|
| 035 |
|
|
|a (RuTPU)RU\TPU\book\246161
|
| 090 |
|
|
|a 225801
|
| 100 |
|
|
|a 20121115d1990 k y0rusy50 ca
|
| 101 |
0 |
|
|a rus
|
| 102 |
|
|
|a RU
|
| 105 |
|
|
|a a z 001zb
|
| 200 |
1 |
|
|a Библиотечно-библиографическая информация в жизни и деятельности В. И. Ленина
|f Г. П. Фонотов
|
| 205 |
|
|
|a 2-е изд., перераб. и доп.
|
| 210 |
|
|
|a Москва
|c Книжная палата
|d 1990
|
| 215 |
|
|
|a 192 с.
|c ил.
|
| 320 |
|
|
|a Библиогр. в примеч.: 161-184.
|
| 320 |
|
|
|a Указ. имен: с. 184-190.
|
| 600 |
|
1 |
|a Ленин
|b В. И.
|c настоящая фамилия Ульянов
|c российский политический деятель
|f 1870-1924
|g Владимир Ильич
|2 stltpush
|3 (RuTPU)RU\TPU\pers\1074
|9 486
|
| 606 |
|
|
|7 ca
|8 rus
|a Ленин В. И.
|x Жизнь и деятельность
|9 89215
|
| 610 |
1 |
|
|a история
|
| 610 |
1 |
|
|a Россия
|
| 610 |
1 |
|
|a 19 век
|
| 610 |
1 |
|
|a 20 век
|
| 610 |
1 |
|
|a домашние библиотеки
|
| 610 |
1 |
|
|a семья
|
| 610 |
1 |
|
|a печать
|
| 610 |
1 |
|
|a книжное дело
|
| 610 |
1 |
|
|a читательские интересы
|
| 610 |
1 |
|
|a личные коллекции
|
| 610 |
1 |
|
|a издательские каталоги
|
| 610 |
1 |
|
|a библиографическая информация
|
| 610 |
1 |
|
|a семейное чтение
|
| 610 |
1 |
|
|a литература
|
| 686 |
|
|
|a Т3(2)6-8Ленин35
|2 rubbk
|
| 700 |
|
1 |
|a Фонотов
|b Г. П.
|g Георгий Поликарпович
|
| 801 |
|
1 |
|a RU
|b 63413507
|c 20121115
|
| 801 |
|
2 |
|a RU
|b 63413507
|c 20121218
|g RCR
|
| 942 |
|
|
|c BK
|